00898nam a2200193 a 4500008004100000020001800041050002000059100002400079245018300103260003000286300002300316350001100339490004400350650003100394650002400425995010200449999001700551952013600568160609s2015 ||||||||||||||||| || u a9781782421795 aTA 418.9.C6 Ale aAleksendric, Dragan10aSoft computing in the design and manufacturing of composite materials: applications in brake friction and thermoset matrix compositescBy Dragan Aleksendric and Pierpaolo Carlone aAmsterdambElsevierc2015 axxiii, 293p.: ill. a210.00 aWoodhead publishing series in materials aTECHNOLOGY AND ENGINEERING 0aCOMPOSITE MATERIALS FCBU-MAIN LIBRARY (Kitwe)I210.00M1UAVAILABLEWJun 29, 2016ZMain Library Open Access Collection c57822d57822 00102lcc4070a001b001cMain Library Open Access Collectiond2022-11-30l0oTA 418.9.C6 Alep745949r2022-11-30w2022-11-30y002